00770nam a22001817a 4500999001700000008004500017020001800062082001900080110004600099245010100145260006000246300001300306650004900319650002700368650004700395942000700442952013900449 c12511d12511241001b 2022 ||||| |||| 00| 0 eng d a9789280117479 a341.75668bIMO aIMO - International Maritime Organization aIMDG code : International maritime dangerous goods code : vol. 2 bincorporating amendment 41-22 aLondonbIMO - International Maritime Organizationc2022 av, 384p. aDangerous goods packed in limited quantities aConsignment Procedures aProvisions concerning transport operations cBK 00102ddc406341_756680000000000_IMO708REF915744aMUbMUcIMO Shelfd2024-10-01o341.75668 IMOpMPC6901r2025-03-17yBKzIMO Shelf